| 000 | 00436nam a2200169 a 4500 | ||
|---|---|---|---|
| 001 | 0000-8889 | ||
| 003 | ELIB.Books | ||
| 008 | 110520 1972 | ||
| 035 | _a(ELIB.Books)0000-9037 | ||
| 082 |
_a268.432 _bAlv |
||
| 100 | _aAlves, Rubern A | ||
| 245 | _aTomorrow's Child | ||
| 260 |
_bNew York: Happer and Row, Publishers _c1972 |
||
| 650 | _aChristian Education | ||
| 942 |
_2ddc _cBK |
||
| 998 |
_cbat _e2011-05-20 |
||
| 999 |
_c8889 _d8889 |
||